000 01037pam a2200349 a 4500
001 1164266
003 OSt
005 20140310182725.0
008 960829s1997 njua b 001 0 eng
010 _a 96041155
020 _a9789814009270
040 _aDLC
_cDLC
_dDLC
050 0 0 _aBF 176
_b.An5 1997
100 1 _aAnastasi, Anne,
_d1908-2001.
245 1 0 _aPsychological testing /
_cAnne Anastasi, Susana Urbina.
250 _a7th ed.
260 _aUpper Saddle River, N.J. :
_bPrentice Hall,
_cc2009.
300 _axiii, 721 p. :
_bill. ;
_c24 cm.
504 _aIncludes bibliographical references (p. 561-680) and indexes.
521 _aPSYCH
526 _c1210L to 1700L
650 0 _aPsychological tests.
700 1 _aUrbina, Susana,
_d1946-
906 _a7
_bcbc
_corignew
_d1
_eocip
_f19
_gy-gencatlg
942 _2lcc
_cBK
_kFOR
999 _c15396
_d15396